15 新潟県の市町村 人口順 - Statistics

General Stats
  • This quiz has been taken 8 times
  • The average score is 26 of 30
Answer Stats
順位 人口 市町村 % Correct
1 760,085 新潟市
100%
2 252,903 長岡市
100%
3 176,959 上越市
100%
4 89,368 新発田市
100%
5 88,690 三条市
100%
7 73,742 燕市
100%
6 74,752 柏崎市
86%
8 51,407 村上市
86%
9 51,140 南魚沼市
86%
10 45,319 佐渡市
86%
11 44,732 十日町市
86%
13 37,797 阿賀野市
86%
14 36,843 見附市
86%
17 31,156 魚沼市
86%
18 27,784 妙高市
86%
19 26,303 胎内市
86%
21 14,040 聖籠町
86%
22 10,255 田上町
86%
23 8,300 阿賀町
86%
24 7,985 津南町
86%
26 7,194 弥彦村
86%
28 4,139 刈羽村
86%
29 3,639 出雲崎町
86%
30 317 粟島浦村
86%
12 43,477 五泉市
71%
15 36,519 糸魚川市
71%
16 31,534 小千谷市
71%
25 7,482 湯沢町
71%
27 4,366 関川村
71%
20 22,839 加茂市
57%
No matching quizzes found
Score Distribution
Percent of People with Each Score
Percentile by Number Answered
Your Score History
You have not taken this quiz